| 000 | 00836nam a22002417a 4500 | ||
|---|---|---|---|
| 001 | 00008547 | ||
| 003 | DO-SdBNP | ||
| 005 | 20180305103450.0 | ||
| 007 | 00008547 | ||
| 008 | 160523b xxu||||| |||| 00| 0 spa d | ||
| 040 |
_aBPMSU _bspa _cBPMSU |
||
| 092 |
_axxxxxx _bxxxxxx |
||
| 100 | 1 |
_aMorillo B., Mariano, _d1957- |
|
| 245 | 1 |
_aTeatro en el tiempo / _cMariano Morillo B. |
|
| 260 |
_aSanto Domingo : _bUniversitaria-UASD, _c1986. |
||
| 300 |
_a87 p. : _bil. ; _c21 cm. |
||
| 490 | 1 |
_aPublicaciones de la Universidad Autónoma de Santo Domingo _v456 |
|
| 500 | _aIncluye datos biográficos del autor en la solapa de la contracubierta. | ||
| 830 | 0 |
_pPublicaciones de la Universidad Autónoma de Santo Domingo ; _n456 |
|
| 942 |
_2ddc _cBK |
||
| 945 | _ainventariada, 2018 / dg | ||
| 956 |
_2LOPEREZ _310 _6BPMSU _820160523 _a00041 |
||
| 999 |
_c10191 _d10191 |
||